000 00724nam a22002177a 4500
005 20251006130218.0
020 _a9788122420906
_cTZS 15,000/=
040 _aMCCL
_beng.
_eAACR 2nd.ed.rev
082 0 0 _a621.3815
100 1 _aChoudhury. D. Roy
245 1 0 _aLinear integrated circuits :
_c/Roy D. Choudhury.
260 _aBoston :
_bPearson Addison Wesley,
_cc2004.
300 _axii, 383p. :
_bill. (chiefly col.) ;
_c25 cm.
440 _alinear Circuits
500 _aIn which the secrets of computers and networks are revealed, in English, with no math, and starting at the very beginning.
500 _aIncludes index.
546 _aeng.
650 0 _aintegrated circuits
700 _aJain. B. Shail
942 _cBK
999 _c12090
_d12090